Voices - Motionless in White - Statistics

General Stats
  • This quiz has been taken 40 times
  • The average score is 245 of 297
Answer Stats
% Correct
a
100%
again,
100%
again
100%
again)
100%
head
100%
(head
100%
I
100%
(I
100%
in
100%
me
100%
my
100%
pulling
100%
the
100%
under
100%
Voices
100%
can
92%
can't
92%
inside
92%
myself
92%
They're
92%
trapped
92%
war
92%
win
92%
Go!
85%
know
85%
own
85%
skin
85%
to
85%
you
85%
You
85%
anymore
77%
beg
77%
but
77%
change
77%
don't
77%
hear
77%
If
77%
lie?
77%
now,
77%
now
77%
showed
77%
swallowed
77%
And
69%
and
69%
As
69%
beating
69%
because
69%
cover
69%
everything
69%
eyes?
69%
feel
69%
fever
69%
I've
69%
kind)
69%
kind
69%
live
69%
pain
69%
remains
69%
so
69%
them
69%
truth,
69%
valley
69%
would
69%
all
62%
game
62%
is
62%
it
62%
keep
62%
man
62%
of
62%
still
62%
through
62%
told
62%
walk
62%
want
62%
bank
54%
currency,
54%
death,
54%
fear
54%
forever
54%
I'm
54%
numb
54%
pleasure
54%
shadows
54%
soul,
54%
this
54%
wicked,
54%
you'd
54%
your
54%
just
46%
not
46%
right
46%
were
46%
blessed
38%
frozen,
38%
praise
38%
take
38%
calloused
31%
curse
31%
from
31%
hopeless
31%
ugly
31%
dare
23%
No matching quizzes found
Score Distribution
Percent of People with Each Score
Percentile by Number Answered
Your Score History
You have not taken this quiz